000 00694nam a2200205 i 4500
001 186853
003 ES-MaACL
005 20250921063040.0
008 170223s1910 sp |||| | spa d
080 _a821.134.2-32"19"
100 1 _aAlmagro San Martín, Melchor,
_d1882-1947
_920081
245 1 0 _aPrimavera en la nieve /
_cnovela de Melchor Almagro ; ilustraciones de Romero Calvet.
260 _aMadrid :
_bLos Contemporáneos,
_c1910.
300 _a[20] p. :
_bil. ;
_c28 cm.
490 1 _aLos contemporáneos ;
_v99
700 1 _aRomero Calvet, Rafael.
_999360
830 0 _aLos contemporáneos ;
_v99
_9185715
852 _aES-MaACL
_jR-2599(20)
999 _c186853
_d186853